000 00326nam a2200133Ia 4500
008 230724s2006 xx und d
020 _a8977482577
041 _aeng
082 _a725.5
100 _aJEONG
245 _aCONCEPT ANNUAL 2006, CONCEPT AND COMPETITION 02
260 _bC.B.S. PUBLISERS
_c2006
300 _a150
999 _c1176681
_d1176681